Library of the University of Algiers 3
Ibrahim Sultan Cheibout
شعار جامعة الجزائر 3
مكتبة جامعة الجزائر 3
إبراهيم سلطان شيبوط

الهندسة الوظيفية / (رقم التسجيلة. 41105)

تفاصيل مارك
000 -LEADER
fixed length control field 01633nam a2200253Ia 4500
003 - CONTROL NUMBER IDENTIFIER
control field Ost
005 - DATE AND TIME OF LATEST TRANSACTION
control field 20260416102353.0
008 - FIXED-LENGTH DATA ELEMENTS--GENERAL INFORMATION
fixed length control field 260416s9999||||xx |||||||||||||| ||und||
040 ## - CATALOGING SOURCE
Transcribing agency fsecg
041 ## - LANGUAGE CODE
Language code of text/sound track or separate title ara
082 ## - DEWEY DECIMAL CLASSIFICATION NUMBER
Classification number 658.306
100 ## - MAIN ENTRY--PERSONAL NAME
Personal name بلاغماس، بركة
Relator term مؤلف
245 #0 - TITLE STATEMENT
Title الهندسة الوظيفية /
Statement of responsibility, etc. بركة بلاغماس
260 ## - PUBLICATION, DISTRIBUTION, ETC.
Place of publication, distribution, etc. الجزائر
Name of publisher, distributor, etc. جامعة الجزائر3: كلية العلوم الإقتصادية، العلوم التجارية وعلوم التسيير
Date of publication, distribution, etc. 2019
300 ## - PHYSICAL DESCRIPTION
Extent 129 ورقة
Other physical details ايضاحات
Dimensions 30 سم
504 ## - BIBLIOGRAPHY, ETC. NOTE
Bibliography, etc. note مراجع ص.125
520 ## - SUMMARY, ETC.
Summary, etc. معلومات حول مقياس الهندسة الوظيية، مدخل مفاهيمي، أساسيات الدراسات الهندسية للوظائف والكفاءات، إدارة الموارد البشرية ومقاربة الادارة بالكفاءاتن التسيير التوقعي للوظائف والكفاءات، مناهج التحليل الوظيفي وتصميم وهيكلة الوظائف، مقاربة تحديد الكفاءات التي تقوم على أساس التحليل الوظيفي، المدونات المرجعية للمهن والوظائف وكيفية اعدادها، تصنيف توصيف وتقييم الوظائف.
653 ## - INDEX TERM--UNCONTROLLED
Uncontrolled term الوظائف
653 ## - INDEX TERM--UNCONTROLLED
Uncontrolled term تحليل الوضائف
653 ## - INDEX TERM--UNCONTROLLED
Uncontrolled term تقييم الوظائف
653 ## - INDEX TERM--UNCONTROLLED
Uncontrolled term توصيف الوظائف
710 ## - ADDED ENTRY--CORPORATE NAME
Corporate name or jurisdiction name as entry element جامعة الجزائر3: كلية العلوم الإقتصادية، العلوم التجارية وعلوم التسيير
Relator term ناشر علمي
942 ## - ADDED ENTRY ELEMENTS (KOHA)
Koha item type مطبوعات
المقتنيات
Withdrawn status Lost status Source of classification or shelving scheme Damaged status Not for loan Home library Current library Date acquired Serial enumeration / chronology Inventory number Total checkouts Full call number Barcode Date last seen Price effective from Koha item type
    Dewey Decimal Classification   NOT LOAN / إعارة داخلية مكتبة كلية العلوم الإقتصادية والعلوم التجارية وعلوم التسيير مكتبة كلية العلوم الإقتصادية والعلوم التجارية وعلوم التسيير 16/04/2026 الطابق الثاني مط.177-1   مط.177 ن1 مط.177-1 16/04/2026 16/04/2026 مطبوعات

موارد الويب المفتوحة


© University of Algiers 3 All Rights Reserved
|
Implemented by LECHELAH Riad